| 000 | 00308nam a2200133 i 4500 | ||
|---|---|---|---|
| 001 | bg | ||
| 245 | 0 |
_aCaliqua : _bHandbuch der Heisswassertechnik. |
|
| 260 |
_aDüsseldorf, _c1974. |
||
| 040 | _cBPK | ||
| 041 | _apol | ||
| 080 | _a697.3:621.183 | ||
| 942 | _cKS | ||
| 008 | s pl f |000 0 pol | ||
| 999 |
_c17866 _d17866 |
||
| 856 |
_uhttp://koha.tu.koszalin.pl/cgi-bin/koha/opac-detail.pl?biblionumber=17866 _yKatalog online BPK |
||